000 00886cad a22002055a 4500
001 L149326
008 090720s2009 xxk 000 0 eng u
035 _a(Sirsi) u149326
041 0 _aeng
100 1 _aRushton, Trevor
245 0 0 _aWater, water everywhere?
_bwater penetration through masonry walls
_h[electronic resource]
260 _c2010
490 4 _aThe Journal
_bRICS Building Surveying Journal
_vMarch/April 2010, 22-25(4)
520 _aReviews how water can enter masonry walls through the agencies of, kinetic energy, gravity, surface tension, capillarity, wind-assisted capillarity, and air pressure differentials.
590 _aKA
651 4 _aUnited Kingdom
_y
690 _aBUILT ENVIRONMENT-BUILDING PATHOLOGY
856 4 1 _uhttps://www.rics.org/site/scripts/download_info.aspx?downloadID=5880
_zView this item (member-only access) at www.rics.org
942 _n0
999 _c82134
_d82134